| 000 | 01163cam a22002891i 4500 | ||
|---|---|---|---|
| 003 | SA-RiAUC | ||
| 005 | 20250713060046.0 | ||
| 008 | 250430s2005 su g 00000 ara c | ||
| 020 | _a9960521559 | ||
| 040 |
_aSA-MaUQU _bara _cSA-RiAUC _erda |
||
| 043 | _aa-su--- | ||
| 082 | 0 | 4 | _a398.9 |
| 090 |
_a398.9 _bش ل ب |
||
| 100 | 1 |
_aشلبي، عبد العزيز حسن _eمؤلف. |
|
| 245 | 1 | 2 |
_aالتحفة البهية من الأقوال والأمثال المكية / _cعبد العزيز حسن شلبي. |
| 250 | _aالطبعة الأولى. | ||
| 264 | 1 |
_aمكة المكرمة : _bعبد العزيز حسن شلبي، _c[2005] |
|
| 300 |
_a92 صفحة ؛ _c24 سم |
||
| 336 |
_aنص _btxt _2rdacontent _3كتاب |
||
| 337 |
_aبدون وسيط _bn _2rdamedia |
||
| 338 |
_aمجلد _bnc _2rdacarrier |
||
| 500 | _aإهداء من المؤلف عبد العزيز حسن شلبي بتاريخ 1427/2/27 هـ | ||
| 650 | 7 |
_aالأمثال العربية _zمكة المكرمة _2aucsh |
|
| 650 | 7 |
_aالأمثال العامية العربية _zالسعودية _2aucsh |
|
| 942 |
_2ddc _cBOOK _n0 |
||
| 949 |
_aSA-JeALM _d250430 _umohamedma123 _n1 |
||
| 999 |
_c7561 _d7561 |
||